2025 FIFA Club World Cup Final (Chelsea vs PSG) - Lineups - Statistics

General Stats
  • This quiz has been taken 135 times
  • The average score is 31 of 50
Answer Stats
Position Answer % Correct
CF Ousmane Dembele
93%
RW (73') Desire Doue
92%
RB (73') Achraf Hakimi
91%
RM (1:0,2:0) Cole Palmer
91%
LB Nuno Mendes
89%
GK Gianluigi Donnarumma
87%
LW (58') Khvicha Kvaratskhelia
87%
CB (C) Marquinhos
86%
DM Vitinha
86%
CM Joao Neves
85%
LB Marc Cucurella
85%
GK Robert Sanchez
85%
CM (73') Fabian Ruiz
80%
CF (3:0) (67') Joao Pedro
80%
FW (58') Bradley Barcola
79%
AM (61') Enzo Fernandez
79%
CM (77') (C) Reece James
78%
Coach Luis Enrique
75%
RB Malo Gusto
75%
CM Moises Caicedo
75%
LM (77') Pedro Neto
75%
CB Lucas Beraldo
73%
Coach Enzo Maresca
64%
CB Levi Colwill
64%
CB Trevoh Chalobah
64%
FW (73') Goncalo Ramos
62%
MF (73') Warren Zaire-Emery
62%
FW (67') Liam Delap
60%
MF (73') Senny Mayulu
57%
GK Filip Jörgensen
55%
DF Tosin Adarabioyo
55%
FW Nicolas Jackson
54%
GK Matvey Safonov
49%
FW (77') Christopher Nkunku
45%
MF Lee Kang-In
45%
MF (61') Andrey Santos
43%
MF Romeo Lavia
43%
GK Arnau Tenas
41%
MF (77') Kiernan Dewsbury-Hall
40%
DF Presnel Kimpembe
39%
FW Tyrique George
38%
DF Josh Acheampong
37%
FW Ibrahim Mbaye
36%
GK Mike Penders
35%
GK Gabriel Slonina
32%
FW Marc Guiu
29%
DF Mamadou Sarr
25%
DF Aaron Anselmino
22%
DF Noham Kamara
17%
MF Gabriel Moscardo
15%
No matching quizzes found
Score Distribution
Percent of People with Each Score
Percentile by Number Answered
Your Score History
You have not taken this quiz